000 00643nam a2200205Ii 4500
003 JO-AjNU
008 230606s9999||||xx |||||||||||||| ||und||
020 _a978-1-0879-7732-4
040 _aJO-AjNU
_beng
_erda
_cJO-AjNU
041 _aeng
050 1 4 _aQA76.9.2021
100 3 _aJohn, Alan, Jon Law,
_eauthor
_96694
245 0 0 _aCRYPTO Technical Analysis: your One-Stop guide to Investing, rading and Profiting in Crypto With Technical Analysis
250 _a1ed
264 3 1 _aUSA: AJ Publishing, 2021
300 _a265p
336 _atext
_btxt
_2rdacontent
337 _aunmediated
_bn
_2rdamedia
338 _avolume
_bnc
_2rdacarrier
999 _aE3476
_c3469
_d3469